[Event "?"]
[Site "ICS rated blitz match, 208.19"]
[Date "1997.??.??"]
[Round "?"]
[White "Brause"]
[Black "oldtimer"]
[Result "0-1"]
[WhiteElo "2660"]
[BlackElo "2525"]
[PlyCount "78"]

1. e4 e5 2. Nf3 Nc6 3. Nc3 Nf6 4. Nxe5 Nxe5 5. d4 Ng6 6. e5 Ng8 7. Bc4 d5 8.
Nxd5 Be6 9. Ne3 Bxc4 10. Nxc4 c5 11. d5 b5 12. Na3 Nxe5 13. Nxb5 Qa5+ 14. Nc3
Bd6 15. O-O Ne7 16. f4 Nd7 17. Qg4 g6 18. Re1 Rd8 19. Qh4 O-O 20. Rxe7 Bxe7 21.
Qxe7 Rfe8 22. Qg5 Qb4 23. f5 Qd4+ 24. Kf1 Nf6 25. fxg6 fxg6 26. Qd2 Qe5 27. g4
Nxg4 28. Kg1 Rf8 29. a3 Rf2 30. Qxf2 Nxf2 31. Kxf2 Rf8+ 32. Kg2 Qe1 33. Bf4
Qxa1 34. Ne2 Qe1 35. Ng3 Rxf4 36. Kh3 g5 37. Kg2 Qf2+ 38. Kh1 Rh4 39. b3 Rxh2#
0-1

[Event "?"]
[Site "ICS rated blitz match, 208.19"]
[Date "1997.??.??"]
[Round "?"]
[White "Brause"]
[Black "oldtimer"]
[Result "0-1"]
[WhiteElo "2640"]
[BlackElo "2565"]
[PlyCount "76"]

1. e4 e5 2. Nf3 Nc6 3. Nc3 Nf6 4. Nxe5 Nxe5 5. d4 Ng6 6. e5 Ng8 7. Bc4 d5 8.
Nxd5 Be6 9. Ne3 Bxc4 10. Nxc4 c5 11. d5 b5 12. Na3 Nxe5 13. Nxb5 Qa5+ 14. Nc3
Bd6 15. O-O Ne7 16. f4 Nd7 17. Qg4 g6 18. Re1 Rd8 19. Qh4 O-O 20. Rxe7 Bxe7 21.
Qxe7 Rfe8 22. Qg5 Qb4 23. f5 Qd4+ 24. Kf1 Nf6 25. fxg6 fxg6 26. Qd2 Qe5 27. g4
Nxg4 28. Kg1 Rf8 29. a3 Rf2 30. Qxf2 Nxf2 31. Kxf2 Rf8+ 32. Kg2 Qe1 33. Bh6
Qf2+ 34. Kh1 Qf3+ 35. Kg1 Qg4+ 36. Kh1 Rf2 37. Rg1 Qf3+ 38. Rg2 Rf1# 0-1

[Event "?"]
[Site "ICS rated blitz match, 208.19"]
[Date "1997.??.??"]
[Round "?"]
[White "Brause"]
[Black "oldtimer"]
[Result "1-0"]
[WhiteElo "2620"]
[BlackElo "2585"]
[PlyCount "83"]

1. e4 e5 2. Nf3 Nc6 3. Nc3 Nf6 4. Nxe5 Nxe5 5. d4 Ng6 6. e5 Ng8 7. Bc4 d5 8.
Nxd5 Be6 9. Ne3 Bxc4 10. Nxc4 c5 11. d5 b5 12. Na3 Nxe5 13. Nxb5 Qa5+ 14. Nc3
Bd6 15. O-O Ne7 16. f4 Nd7 17. Qg4 g6 18. Re1 Rd8 19. Qh4 O-O 20. Rxe7 Bxe7 21.
Qxe7 Rfe8 22. Qg5 Qb4 23. f5 Qd4+ 24. Kf1 Nf6 25. fxg6 fxg6 26. Qd2 Qe5 27. g4
Nxg4 28. Kg1 Rf8 29. a3 Rde8 30. d6 Qe1+ 31. Qxe1 Rxe1+ 32. Kg2 Rf2+ 33. Kh3 h5
34. Bf4 Re8 35. Re1 Rxe1 36. d7 Rxf4 37. d8=Q+ Kg7 38. Qc7+ Rf7 39. Qxc5 Rf2
40. Qd4+ Kh7 41. Ne4 Rxh2+ 42. Kg3 1-0

[Event "?"]
[Site "ICS rated blitz match, 208.19"]
[Date "1997.??.??"]
[Round "?"]
[White "Brause"]
[Black "oldtimer"]
[Result "0-1"]
[WhiteElo "2615"]
[BlackElo "2590"]
[PlyCount "88"]

1. e4 e5 2. Nf3 Nc6 3. Nc3 Nf6 4. Nxe5 Nxe5 5. d4 Ng6 6. e5 Ng8 7. Bc4 d5 8.
Nxd5 Be6 9. Ne3 Bxc4 10. Nxc4 c5 11. d5 b5 12. Na3 Nxe5 13. Nxb5 Qa5+ 14. Nc3
Bd6 15. O-O Ne7 16. f4 Nd7 17. Qg4 g6 18. Re1 Rd8 19. Qh4 O-O 20. Rxe7 Bxe7 21.
Qxe7 Rfe8 22. Qg5 Qb4 23. f5 Qd4+ 24. Kf1 Nf6 25. fxg6 fxg6 26. Qd2 Qe5 27. g4
Ne4 28. Qe3 Qxh2 29. Nxe4 Qh1+ 30. Qg1 Qxe4 31. Be3 Rf8+ 32. Ke2 Qc4+ 33. Ke1
Qxd5 34. b4 cxb4 35. a3 b3 36. cxb3 Qd3 37. Qf2 Rxf2 38. Kxf2 Rf8+ 39. Kg2 Qxe3
40. Rf1 Qe2+ 41. Kg3 Rxf1 42. Kh4 h6 43. Kh3 Qf3+ 44. Kh4 Rh1# 0-1

[Event "?"]
[Site "ICS rated blitz match, 208.19"]
[Date "1997.??.??"]
[Round "?"]
[White "Brause"]
[Black "Bo"]
[Result "1-0"]
[WhiteElo "2700"]
[BlackElo "2120"]
[PlyCount "54"]

1. e4 e5 2. Nf3 Nc6 3. Nc3 Nf6 4. Nxe5 Nxe5 5. d4 Ng6 6. e5 Ng8 7. Bc4 d5 8.
Bxd5 c6 9. Bb3 Be6 10. O-O N8e7 11. Ne4 Nf5 12. c3 Bd5 13. Re1 Qd7 14. Nd6+
Bxd6 15. exd6+ Kf8 16. c4 Bxc4 17. Bxc4 Nxd6 18. Bd3 Re8 19. Rxe8+ Kxe8 20. Qa4
a6 21. Bd2 f6 22. Re1+ Kf7 23. Qb3+ Kf8 24. Bb4 Ne7 25. Bxd6 Qxd6 26. Qxb7 Kf7
27. Bc4+ Kg6 1-0

[Event "?"]
[Site "ICS rated blitz match, 208.19"]
[Date "1997.??.??"]
[Round "?"]
[White "Brause"]
[Black "Bo"]
[Result "1-0"]
[WhiteElo "2700"]
[BlackElo "2115"]
[PlyCount "45"]

1. e4 e5 2. Nf3 Nc6 3. Nc3 Nf6 4. Nxe5 Nxe5 5. d4 Ng6 6. e5 Ng8 7. Bc4 d5 8.
Bxd5 c6 9. Bb3 Bb4 10. O-O Bxc3 11. bxc3 N8e7 12. f4 O-O 13. Ba3 Re8 14. Rb1 b5
15. Qh5 Nf5 16. Qf3 Qb6 17. Bc5 Qc7 18. c4 bxc4 19. Bxc4 Be6 20. Bxe6 fxe6 21.
g4 Nfe7 22. f5 exf5 23. gxf5 1-0

[Event "?"]
[Site "ICS rated blitz match, 208.19"]
[Date "1997.??.??"]
[Round "?"]
[White "Brause"]
[Black "Kiriakos"]
[Result "1-0"]
[WhiteElo "2705"]
[BlackElo "2005"]
[PlyCount "80"]

1. e4 e5 2. Nf3 Nc6 3. Nc3 Nf6 4. Nxe5 Nxe5 5. d4 Ng6 6. e5 Be7 7. exf6 Bxf6 8.
Be3 O-O 9. Bd3 d5 10. O-O c6 11. b3 Be6 12. Na4 b6 13. Qf3 Qd7 14. Qe2 Bf5 15.
Rae1 Rfe8 16. Qd2 Bxd3 17. Qxd3 Nh4 18. f3 Nf5 19. Bf2 g6 20. Nc3 Rxe1 21. Rxe1
Re8 22. Rxe8+ Qxe8 23. Ne2 Kg7 24. Ng3 Nxg3 25. Bxg3 Qe6 26. Kf2 b5 27. Qc3 a6
28. Qc5 Bg5 29. Kf1 Be3 30. Qc3 Bg5 31. a4 Bf6 32. Kf2 h5 33. Bf4 Qf5 34. Be3
Qe6 35. Qc5 h4 36. Qb6 h3 37. g3 Qf5 38. Qxc6 bxa4 39. bxa4 g5 40. Ke2 g4 1-0

[Event "?"]
[Site "ICS rated blitz match, 208.19"]
[Date "1997.??.??"]
[Round "?"]
[White "Brause"]
[Black "Kiriakos"]
[Result "1-0"]
[WhiteElo "2705"]
[BlackElo "2005"]
[PlyCount "81"]

1. e4 e5 2. Nf3 Nc6 3. Nc3 Nf6 4. Nxe5 Nxe5 5. d4 Ng6 6. e5 Be7 7. exf6 Bxf6 8.
Be3 O-O 9. Bd3 d5 10. O-O c6 11. b3 Be6 12. Re1 Qd7 13. Rc1 Rfe8 14. Na4 b6 15.
Qd2 Bf5 16. Rcd1 Bxd3 17. Qxd3 Nh4 18. f3 Nf5 19. Bf2 g6 20. Nc3 Rxe1+ 21. Rxe1
Re8 22. Rxe8+ Qxe8 23. Ne2 Qe6 24. Ng3 b5 25. Nxf5 Qxf5 26. Qxf5 gxf5 27. Kf1
Kf8 28. Ke2 Ke7 29. Kd3 Ke6 30. Be1 Be7 31. Bg3 Bb4 32. a4 a6 33. axb5 cxb5 34.
c4 Ba3 35. c5 Bb4 36. c6 Ba5 37. Be5 Bb6 38. Kc3 a5 39. Bf4 h5 40. Be5 Bd8 41.
c7 1-0

[Event "?"]
[Site "ICS rated blitz match, 208.19"]
[Date "1997.??.??"]
[Round "?"]
[White "Brause"]
[Black "Kiriakos"]
[Result "1-0"]
[WhiteElo "2705"]
[BlackElo "2000"]
[PlyCount "101"]

1. e4 e5 2. Nf3 Nc6 3. Nc3 Nf6 4. Nxe5 Nxe5 5. d4 Ng6 6. e5 Be7 7. exf6 Bxf6 8.
Be3 O-O 9. Bd3 d5 10. O-O c6 11. b3 Be6 12. Re1 Qd7 13. Rc1 Rfe8 14. Na4 b6 15.
Qd2 Bf5 16. Re2 Bxd3 17. Qxd3 Nh4 18. f3 Nf5 19. c3 Nxe3 20. Rxe3 Rxe3 21. Qxe3
Re8 22. Qd2 Qe7 23. Rd1 Bg5 24. f4 Bf6 25. Kf2 Kf8 26. Re1 Qxe1+ 27. Qxe1 Rxe1
28. Kxe1 Ke7 29. Ke2 Kd6 30. g3 g6 31. Ke3 h5 32. Nb2 c5 33. Nd3 cxd4+ 34. cxd4
Bg7 35. Ne5 Bxe5 36. fxe5+ Ke6 37. g4 hxg4 38. Kf4 g3 39. Kxg3 Kf5 40. Kf3 Kg5
41. a3 Kf5 42. a4 a5 43. h4 g5 44. h5 g4+ 45. Kg3 Kg5 46. h6 Kxh6 47. Kxg4 Kg6
48. Kf4 f5 49. Kf3 Kg5 50. Ke3 Kg6 51. Kf4 1-0

[Event "?"]
[Site "ICS rated blitz match, 208.19"]
[Date "1997.??.??"]
[Round "?"]
[White "Brause"]
[Black "Kiriakos"]
[Result "1-0"]
[WhiteElo "2710"]
[BlackElo "2000"]
[PlyCount "43"]

1. e4 e5 2. Nf3 Nc6 3. Nc3 Nf6 4. Nxe5 Nxe5 5. d4 Ng6 6. e5 Be7 7. exf6 Bxf6 8.
Be3 O-O 9. Bd3 d5 10. O-O c6 11. b3 Be6 12. Qh5 Qd7 13. h3 c5 14. Ne2 c4 15.
bxc4 dxc4 16. Be4 Rfe8 17. Rab1 Rab8 18. Bf4 Nxf4 19. Qxh7+ Kf8 20. Nxf4 Bxd4
21. Rfd1 c3 22. Ne2 1-0

[Event "?"]
[Site "ICS rated blitz match, 208.19"]
[Date "1997.??.??"]
[Round "?"]
[White "Brause"]
[Black "brit"]
[Result "1-0"]
[WhiteElo "2715"]
[BlackElo "2125"]
[PlyCount "79"]

1. e4 e5 2. Nf3 Nc6 3. Nc3 Nf6 4. Nxe5 Nxe5 5. d4 Ng6 6. e5 Bb4 7. exf6 Qxf6 8.
Bc4 O-O 9. O-O Bxc3 10. bxc3 d6 11. Rb1 b6 12. Be3 Be6 13. Bxe6 Qxe6 14. d5 Qf5
15. Rb4 Rae8 16. Ra4 a5 17. Qd3 Qh5 18. Re1 Ne5 19. Qe2 Qxe2 20. Rxe2 f5 21.
Kf1 Ng4 22. Bf4 Rxe2 23. Kxe2 Re8+ 24. Kf1 h6 25. Rd4 Re4 26. Rxe4 fxe4 27. h3
Nf6 28. c4 Kf7 29. Ke2 g5 30. Bc1 Kg6 31. Ke3 Kf5 32. Bb2 Nd7 33. g4+ Kg6 34.
Kxe4 Nc5+ 35. Ke3 Nd7 36. f4 gxf4+ 37. Kxf4 Nc5 38. h4 Na4 39. h5+ Kf7 40. Bd4
1-0

[Event "?"]
[Site "ICS rated blitz match, 208.19"]
[Date "1997.??.??"]
[Round "?"]
[White "Brause"]
[Black "brit"]
[Result "1-0"]
[WhiteElo "2720"]
[BlackElo "2125"]
[PlyCount "71"]

1. e4 e5 2. Nf3 Nc6 3. Nc3 Nf6 4. Nxe5 Nxe5 5. d4 Ng6 6. e5 Bb4 7. exf6 Qxf6 8.
Bc4 O-O 9. O-O Bxc3 10. bxc3 d6 11. Rb1 b6 12. Be3 Be6 13. Bxe6 Qxe6 14. d5 Qf5
15. Rb4 Rfe8 16. Re1 Re7 17. Ra4 a5 18. Rd4 Rae8 19. Re2 Re5 20. Red2 Re4 21.
g4 Qf6 22. Rxe4 Rxe4 23. Rd4 Qe7 24. Qd3 Rxd4 25. Qxd4 Qe5 26. Qc4 Qe7 27. Qd3
Ne5 28. Qf5 h6 29. Bd4 g6 30. Qc8+ Kh7 31. Kf1 Qd7 32. Qxd7 Nxd7 33. Ke2 g5 34.
f4 gxf4 35. Kf3 Kg6 36. Kxf4 1-0

[Event "?"]
[Site "ICS rated blitz match, 208.19"]
[Date "1997.??.??"]
[Round "?"]
[White "Brause"]
[Black "brit"]
[Result "1-0"]
[WhiteElo "2720"]
[BlackElo "2125"]
[PlyCount "66"]

1. e4 e5 2. Nf3 Nc6 3. Nc3 Nf6 4. Nxe5 Nxe5 5. d4 Ng6 6. e5 Bb4 7. exf6 Qxf6 8.
Bc4 O-O 9. O-O Bxc3 10. bxc3 d6 11. Rb1 b6 12. Be3 Be6 13. Bxe6 fxe6 14. Qe2
Rf7 15. Rb5 e5 16. d5 Raf8 17. Rb4 Nf4 18. Bxf4 exf4 19. Qf3 Re7 20. Ra4 a5 21.
h3 Re5 22. Rc4 Rf7 23. Rd4 Qf5 24. Rc1 g5 25. Rd3 Rfe7 26. Rd2 Re1+ 27. Rxe1
Rxe1+ 28. Kh2 Qe5 29. h4 h6 30. Rd4 Rc1 31. Re4 Qf5 32. Re8+ Kf7 33. Qh5+ Kg7
1-0

[Event "?"]
[Site "ICS rated blitz match, 208.19"]
[Date "1997.??.??"]
[Round "?"]
[White "Brause"]
[Black "brit"]
[Result "0-1"]
[WhiteElo "2720"]
[BlackElo "2120"]
[PlyCount "66"]

1. e4 e5 2. Nf3 Nc6 3. Nc3 Nf6 4. Nxe5 Nxe5 5. d4 Ng6 6. e5 Bb4 7. exf6 Qxf6 8.
Bc4 O-O 9. O-O Bxc3 10. bxc3 d6 11. Rb1 b6 12. Be3 Be6 13. Bxe6 fxe6 14. Qe2
Rf7 15. Rb5 e5 16. d5 Raf8 17. Rb4 Nf4 18. Bxf4 exf4 19. Qf3 Re7 20. Ra4 a5 21.
Rd4 g5 22. h3 Qf5 23. Rc1 Rfe8 24. Rd2 Kg7 25. Rf1 Kg6 26. Qd1 h5 27. Kh1 g4
28. hxg4 hxg4 29. Kg1 Rh7 30. Rd4 Reh8 31. Qxg4+ Qxg4 32. f3 Qg3 33. Re4 Rh1#
0-1

[Event "?"]
[Site "ICS rated blitz match, 208.19"]
[Date "1997.??.??"]
[Round "?"]
[White "Brause"]
[Black "brit"]
[Result "1-0"]
[WhiteElo "2690"]
[BlackElo "2155"]
[PlyCount "65"]

1. e4 e5 2. Nf3 Nc6 3. Nc3 Nf6 4. Nxe5 Nxe5 5. d4 Ng6 6. e5 Bb4 7. exf6 Qxf6 8.
Bc4 O-O 9. O-O Bxc3 10. bxc3 d6 11. Rb1 b6 12. Be3 Be6 13. Bxe6 fxe6 14. Qe2
Rf7 15. Rb5 e5 16. d5 Raf8 17. Rb4 Nf4 18. Qc4 Qg6 19. Bxf4 exf4 20. Qe4 Qxe4
21. Rxe4 f3 22. g3 Rf5 23. Rd1 Kf7 24. Rc4 Rc8 25. g4 Rf6 26. Rdd4 Kg6 27. h3
Re8 28. Rxc7 Re1+ 29. Kh2 Re2 30. Kg3 Rxc2 31. Re4 Rf7 32. Re6+ Rf6 33. Ree7
1-0

[Event "?"]
[Site "ICS rated blitz match, 208.19"]
[Date "1997.??.??"]
[Round "?"]
[White "Brause"]
[Black "brit"]
[Result "1-0"]
[WhiteElo "2690"]
[BlackElo "2150"]
[PlyCount "61"]

1. e4 e5 2. Nf3 Nc6 3. Nc3 Nf6 4. Nxe5 Nxe5 5. d4 Ng6 6. e5 Bb4 7. exf6 Qxf6 8.
Bc4 O-O 9. O-O Bxc3 10. bxc3 d6 11. Rb1 b6 12. Be3 Be6 13. Bxe6 fxe6 14. Qe2
Rf7 15. Rb5 e5 16. d5 Raf8 17. Rb4 Qf5 18. Ra4 a5 19. Qd2 e4 20. Rd4 Re7 21.
Rd1 Ne5 22. Rb1 Qg4 23. Kf1 Rf6 24. h3 Qf5 25. Qd1 Rg6 26. Rb3 Rf7 27. Ra4 Nf3
28. gxf3 exf3 29. Rh4 Rg2 30. Qd3 Rh2 31. Ke1 1-0

[Event "?"]
[Site "ICS rated blitz match, 208.19"]
[Date "1997.??.??"]
[Round "?"]
[White "Brause"]
[Black "brit"]
[Result "1-0"]
[WhiteElo "2690"]
[BlackElo "2150"]
[PlyCount "63"]

1. e4 e5 2. Nf3 Nc6 3. Nc3 Nf6 4. Nxe5 Nxe5 5. d4 Ng6 6. e5 Bb4 7. exf6 Qxf6 8.
Bc4 O-O 9. O-O Bxc3 10. bxc3 d6 11. Rb1 b6 12. Be3 Be6 13. Bxe6 Qxe6 14. d5 Qf5
15. Rb4 Rfe8 16. Re1 Re5 17. g4 Qd7 18. f4 Re7 19. f5 Ne5 20. f6 gxf6 21. Rf4
Kh8 22. Bf2 Rg8 23. h3 f5 24. Bh4 Rg6 25. Bxe7 Qxe7 26. Rxf5 Qh4 27. Re3 Nxg4
28. Qd4+ Ne5+ 29. Kf1 Qe7 30. Qe4 f6 31. Ke1 Rh6 32. Qa4 1-0

[Event "?"]
[Site "ICS rated blitz match, 208.19"]
[Date "1997.??.??"]
[Round "?"]
[White "Brause"]
[Black "oldtimer"]
[Result "1-0"]
[WhiteElo "2695"]
[BlackElo "2510"]
[PlyCount "129"]

1. e4 e5 2. Nf3 Nc6 3. Nc3 Nf6 4. Nxe5 Nxe5 5. d4 Ng6 6. e5 Ng8 7. Bc4 d5 8.
Bxd5 c6 9. Bb3 Bb4 10. O-O Bxc3 11. bxc3 Be6 12. Qh5 Qh4 13. Qxh4 Nxh4 14. Bxe6
fxe6 15. Bg5 Ng6 16. Rab1 b6 17. Rbd1 N8e7 18. g3 b5 19. Rd3 Nd5 20. Rb1 O-O
21. Bc1 Nb6 22. Ba3 Rf7 23. Bc5 Nc4 24. f4 a6 25. Rf1 h5 26. Rf2 Kh7 27. Rdf3
Ne7 28. Bxe7 Rxe7 29. f5 Nb6 30. fxe6 Nd5 31. Kf1 Rae8 32. Ke2 Rxe6 33. Kd3 Nc7
34. c4 R6e7 35. cxb5 axb5 36. c3 Ne6 37. Rf7 Kg6 38. Rxe7 Rxe7 39. Ke4 Nc7 40.
Rc2 Ne6 41. c4 bxc4 42. Rxc4 Nd8 43. a3 Ra7 44. a4 Kf7 45. Ke3 Ke6 46. Kd3 Kd7
47. Kc2 Ra5 48. h3 Ne6 49. Kd3 Rd5 50. Ke4 Ng5+ 51. Kf5 Ne6 52. Ke4 g6 53. h4
Kc7 54. Rb4 Kc8 55. Rc4 Kc7 56. Rb4 Ra5 57. Rc4 Ng7 58. Ke3 Nf5+ 59. Kf4 Rd5
60. Kg5 Nxg3 61. Kxg6 Kd7 62. Kf6 Ne2 63. e6+ Kd8 64. Rb4 Nxd4 65. Rb8+ 1-0

[Event "?"]
[Site "ICS rated blitz match, 208.19"]
[Date "1997.??.??"]
[Round "?"]
[White "Brause"]
[Black "brit"]
[Result "1-0"]
[WhiteElo "2700"]
[BlackElo "2165"]
[PlyCount "39"]

1. e4 e5 2. Nf3 Nc6 3. Nc3 Nf6 4. Nxe5 Nxe5 5. d4 Ng6 6. e5 Bb4 7. exf6 Qxf6 8.
Bc4 O-O 9. O-O Bxc3 10. bxc3 d6 11. Be3 Be6 12. Bxe6 fxe6 13. Qe2 Rf7 14. Rae1
e5 15. Qd3 Re8 16. Qc4 Kh8 17. d5 b6 18. Qa4 a5 19. Qxe8+ Rf8 20. Qd7 1-0

[Event "?"]
[Site "ICS rated blitz match, 208.19"]
[Date "1997.??.??"]
[Round "?"]
[White "Brause"]
[Black "GBPacker"]
[Result "1-0"]
[WhiteElo "2710"]
[BlackElo "2210"]
[PlyCount "149"]

1. e4 e5 2. Nf3 Nc6 3. Nc3 Nf6 4. Nxe5 Nxe5 5. d4 Nc6 6. d5 Ne5 7. f4 Ng6 8. e5
Ng8 9. d6 cxd6 10. exd6 Qh4+ 11. g3 Qf6 12. Nb5 Rb8 13. Be3 b6 14. Bd4 Qe6+ 15.
Be2 Kd8 16. Qd3 Ba6 17. f5 Bxb5 18. Qxb5 Qe4 19. O-O-O Rc8 20. Qd3 Qxd3 21.
Bxd3 Nh6 22. fxg6 hxg6 23. Bc3 Ng4 24. Bd4 Nh6 25. Be4 Nf5 26. Bxf5 gxf5 27.
Rd2 Rc6 28. Rhd1 Rh3 29. Bc3 g6 30. Kb1 Kc8 31. a3 a6 32. Be5 Bh6 33. Re2 Bg5
34. Ka2 Rc4 35. Rd3 Re4 36. Rc3+ Kb8 37. Rxe4 fxe4 38. Rc7 e3 39. Rxd7 e2 40.
Bc3 f5 41. Rg7 Rxh2 42. Rxg6 Bd8 43. Kb3 Rg2 44. Re6 Kc8 45. Kc4 Kd7 46. Kd5 b5
47. Be1 Rh2 48. b3 a5 49. c4 f4 50. gxf4 Rh3 51. Rxe2 Rxb3 52. Bxa5 Bxa5 53.
Re7+ Kd8 54. c5 Rxa3 55. Rg7 Rd3+ 56. Kc6 Ke8 57. Kxb5 Bd8 58. Rg8+ Kd7 59. c6+
Kc8 60. Kc5 Rc3+ 61. Kd5 Rd3+ 62. Ke6 Re3+ 63. Kf7 Rc3 64. c7 Rxc7+ 65. dxc7
Kxc7 66. Rxd8 Kxd8 67. f5 Kd7 68. f6 Kd8 69. Kg7 Ke8 70. f7+ Ke7 71. f8=Q+ Ke6
72. Qc5 Kd7 73. Kf6 Kd8 74. Ke6 Ke8 75. Qc8# 1-0

[Event "?"]
[Site "ICS rated blitz match, 208.19"]
[Date "1997.??.??"]
[Round "?"]
[White "Brause"]
[Black "Kiriakos"]
[Result "1-0"]
[WhiteElo "2720"]
[BlackElo "2000"]
[PlyCount "99"]

1. e4 e5 2. Nf3 Nc6 3. Nc3 Nf6 4. Nxe5 Nxe5 5. d4 Ng6 6. e5 Be7 7. Bc4 O-O 8.
exf6 Bxf6 9. Be3 c6 10. O-O d5 11. Bd3 Be6 12. b3 Qd7 13. Na4 b6 14. Bxg6 hxg6
15. Qd2 Rfe8 16. Rae1 Bf5 17. f3 Re7 18. Bf4 Rae8 19. Rxe7 Rxe7 20. Nc3 Re8 21.
Rd1 g5 22. Bxg5 Bxg5 23. Qxg5 Bxc2 24. Rd2 Bg6 25. Qf4 Qe6 26. Re2 Qd7 27. Kf2
Rxe2+ 28. Nxe2 c5 29. Qb8+ Kh7 30. Qe5 f6 31. Qe3 Qe8 32. Nf4 Qxe3+ 33. Kxe3
Bf7 34. h4 Kg8 35. h5 Kf8 36. g4 Ke7 37. Ne2 Kd6 38. Nf4 Ke7 39. Ng2 Kd6 40.
Kd3 Bg8 41. Kc3 Bh7 42. Nf4 Bb1 43. a3 Bh7 44. Ne2 Bb1 45. Kd2 Bh7 46. a4 Bb1
47. Nc3 Bh7 48. Nb5+ Kd7 49. dxc5 bxc5 50. Nxa7 1-0

[Event "?"]
[Site "ICS rated blitz match, 208.19"]
[Date "1997.??.??"]
[Round "?"]
[White "Brause"]
[Black "brit"]
[Result "1-0"]
[WhiteElo "2720"]
[BlackElo "2160"]
[PlyCount "89"]

1. e4 e5 2. Nf3 Nc6 3. Nc3 Nf6 4. Nxe5 Nxe5 5. d4 Ng6 6. e5 Bb4 7. exf6 Qxf6 8.
Bc4 O-O 9. O-O Bxc3 10. bxc3 d6 11. Rb1 b6 12. Be3 Be6 13. Bxe6 fxe6 14. Qe2
Rf7 15. Rb5 e5 16. d5 Raf8 17. Rb4 Nf4 18. Bxf4 exf4 19. Qf3 Re7 20. Ra4 a5 21.
Rd4 g5 22. h3 Qf5 23. Rd3 Rfe8 24. Qh5 Kg7 25. h4 h6 26. Rd2 Qg6 27. Qg4 Re5
28. hxg5 hxg5 29. Qd7+ R8e7 30. Qb5 g4 31. Qc4 Qf5 32. Rd4 Re4 33. f3 Rxd4 34.
Qxd4+ Qe5 35. fxg4 Qxd4+ 36. cxd4 Re4 37. c3 Kg6 38. Kh2 Kg5 39. Kh3 Re3+ 40.
Rf3 Re2 41. g3 fxg3 42. Kxg3 Rxa2 43. Rf7 Ra3 44. Rg7+ Kf6 45. Rxc7 1-0

[Event "?"]
[Site "ICS rated blitz match, 208.19"]
[Date "1997.??.??"]
[Round "?"]
[White "Brause"]
[Black "brit"]
[Result "1-0"]
[WhiteElo "2725"]
[BlackElo "2160"]
[PlyCount "105"]

1. e4 e5 2. Nf3 Nc6 3. Nc3 Nf6 4. Nxe5 Nxe5 5. d4 Ng6 6. e5 Bb4 7. exf6 Qxf6 8.
Bc4 O-O 9. O-O Bxc3 10. bxc3 d6 11. Be3 Be6 12. Bxe6 fxe6 13. Qe2 Rf7 14. Rae1
e5 15. Qd3 b6 16. d5 Raf8 17. Qc4 Nf4 18. Bxf4 Qxf4 19. Qb3 Rf6 20. Rd1 Rh6 21.
h3 Rff6 22. Rd3 a5 23. Qb5 Rhg6 24. Re3 Rf8 25. Qc6 Qf7 26. f3 Rf6 27. Re4 Qe7
28. Rfe1 h6 29. Rc4 R8f7 30. Qb7 Kh7 31. Rce4 Qd7 32. Qa6 Rf4 33. Qd3 g6 34. h4
Qe7 35. Rxf4 Rxf4 36. g3 Rf5 37. Re3 h5 38. Qe4 Qd7 39. Qc4 Qf7 40. Qd3 Qd7 41.
Re4 Rf7 42. Kg2 Qf5 43. Qe2 Re7 44. Re3 Rf7 45. Qd3 Qxd3 46. cxd3 Kg7 47. Re4
Rf8 48. Kf2 Rf7 49. Ke3 Kf6 50. d4 exd4+ 51. Kxd4 Kg7 52. Ke3 Kf8 53. g4 1-0

[Event "?"]
[Site "ICS rated blitz match, 208.19"]
[Date "1997.??.??"]
[Round "?"]
[White "Brause"]
[Black "brit"]
[Result "1-0"]
[WhiteElo "2725"]
[BlackElo "2160"]
[PlyCount "27"]

1. e4 e5 2. Nf3 Nc6 3. Nc3 Nf6 4. Nxe5 Nxe5 5. d4 Ng6 6. e5 Ng8 7. Bc4 c6 8.
Qf3 d5 9. exd6 Nf6 10. Qe2+ Be6 11. Bxe6 Bxd6 12. Bc8+ Ne7 13. Bxb7 O-O 14.
Bxa8 1-0

[Event "?"]
[Site "ICS rated blitz match, 208.19"]
[Date "1997.??.??"]
[Round "?"]
[White "Brause"]
[Black "CMP"]
[Result "1-0"]
[WhiteElo "2725"]
[BlackElo "2075"]
[PlyCount "31"]

1. e4 e5 2. Nf3 Nc6 3. Nc3 Nf6 4. Nxe5 Nxe5 5. d4 Nc6 6. d5 Ne5 7. f4 Ng6 8. e5
Ng8 9. d6 cxd6 10. exd6 Bxd6 11. Qxd6 Qe7+ 12. Qxe7+ N8xe7 13. Bc4 O-O 14. O-O
Rd8 15. f5 Nf8 16. Bg5 1-0

[Event "?"]
[Site "ICS rated blitz match, 208.19"]
[Date "1997.??.??"]
[Round "?"]
[White "Brause"]
[Black "brit"]
[Result "1-0"]
[WhiteElo "2725"]
[BlackElo "2170"]
[PlyCount "73"]

1. e4 e5 2. Nf3 Nc6 3. Nc3 Nf6 4. Nxe5 Nxe5 5. d4 Ng6 6. e5 Bb4 7. exf6 Qxf6 8.
Bc4 O-O 9. O-O Bxc3 10. bxc3 d6 11. Rb1 b6 12. Be3 Be6 13. Bxe6 Qxe6 14. d5 Qe4
15. Rb4 Qf5 16. Re1 Rfe8 17. Rd4 a5 18. Qd3 Qxd3 19. cxd3 Re5 20. f3 Rae8 21.
Re4 f5 22. Rxe5 Rxe5 23. d4 Re7 24. c4 f4 25. Bd2 Rxe1+ 26. Bxe1 Kf7 27. Bd2
Kf6 28. Kf1 Kf5 29. Ke2 Ne7 30. g4+ fxg3 31. hxg3 h5 32. Be1 g5 33. Kf2 c6 34.
c5 dxc5 35. d6 Ke6 36. dxe7 Kxe7 37. dxc5 1-0

[Event "?"]
[Site "ICS rated blitz match, 208.19"]
[Date "1997.??.??"]
[Round "?"]
[White "Brause"]
[Black "brit"]
[Result "1-0"]
[WhiteElo "2725"]
[BlackElo "2170"]
[PlyCount "61"]

1. e4 e5 2. Nf3 Nc6 3. Nc3 Nf6 4. Nxe5 Nxe5 5. d4 Ng6 6. e5 Bb4 7. exf6 Qxf6 8.
Bc4 O-O 9. O-O Bxc3 10. bxc3 d6 11. Rb1 b6 12. Be3 Be6 13. Bxe6 Qxe6 14. d5 Qd7
15. Qf3 Rae8 16. Rb4 f5 17. g3 Re7 18. Bg5 Re5 19. Rd1 h6 20. Be3 Rfe8 21. Rbd4
Kh7 22. Rc1 a5 23. Rb1 Qf7 24. Rbd1 Re4 25. Rxe4 Rxe4 26. Rd4 Qe7 27. Qxf5 Rxd4
28. Bxd4 Qe1+ 29. Kg2 Qe2 30. h3 Qe1 31. h4 1-0

[Event "?"]
[Site "ICS rated blitz match, 208.19"]
[Date "1997.??.??"]
[Round "?"]
[White "Brause"]
[Black "brit"]
[Result "1-0"]
[WhiteElo "2730"]
[BlackElo "2170"]
[PlyCount "67"]

1. e4 e5 2. Nf3 Nc6 3. Nc3 Nf6 4. Nxe5 Nxe5 5. d4 Ng6 6. e5 Bb4 7. exf6 Qxf6 8.
Bc4 O-O 9. O-O Bxc3 10. bxc3 d6 11. Rb1 c6 12. Qh5 d5 13. Bd3 Re8 14. Be3 Nf8
15. Rfe1 g6 16. Qd1 b6 17. Qd2 Ne6 18. Bg5 Qg7 19. Re5 Bd7 20. Bh6 Qf6 21. Rbe1
Nc7 22. c4 Rxe5 23. dxe5 Qe7 24. cxd5 cxd5 25. f3 Be6 26. Kh1 Ne8 27. Qf4 Rc8
28. a4 Rc3 29. Rd1 Ra3 30. Bb5 Nc7 31. Qd4 Nxb5 32. axb5 Qc5 33. Qh4 Qxc2 34.
Qd8# 1-0

[Event "?"]
[Site "ICS rated blitz match, 208.19"]
[Date "1997.??.??"]
[Round "?"]
[White "Brause"]
[Black "brit"]
[Result "1-0"]
[WhiteElo "2730"]
[BlackElo "2170"]
[PlyCount "37"]

1. e4 e5 2. Nf3 Nc6 3. Nc3 Nf6 4. Nxe5 Nxe5 5. d4 Ng6 6. e5 Ng8 7. Bc4 d5 8.
Bxd5 c6 9. Bb3 Bb4 10. O-O N8e7 11. Ne4 O-O 12. c3 Ba5 13. Qh5 Nd5 14. Bg5 Qc7
15. Nd6 Be6 16. Bc2 f5 17. g3 c5 18. dxc5 Nxe5 19. Qe2 1-0

[Event "?"]
[Site "ICS rated blitz match, 208.19"]
[Date "1997.??.??"]
[Round "?"]
[White "Brause"]
[Black "brit"]
[Result "1-0"]
[WhiteElo "2730"]
[BlackElo "2165"]
[PlyCount "39"]

1. e4 e5 2. Nf3 Nc6 3. Nc3 Nf6 4. Nxe5 Nxe5 5. d4 Ng6 6. e5 Ng8 7. Bc4 d5 8.
Bxd5 c6 9. Bb3 Bb4 10. O-O Bxc3 11. bxc3 N8e7 12. f4 f5 13. exf6 gxf6 14. Ba3
Qa5 15. Bb4 Qf5 16. Qd2 Be6 17. Bxe6 Qxe6 18. f5 Nxf5 19. Rae1 Ne5 20. dxe5 1-0

[Event "?"]
[Site "ICS rated blitz match, 208.19"]
[Date "1997.??.??"]
[Round "?"]
[White "Brause"]
[Black "brit"]
[Result "1-0"]
[WhiteElo "2730"]
[BlackElo "2170"]
[PlyCount "137"]

1. e4 e5 2. Nf3 Nc6 3. Nc3 Nf6 4. Nxe5 Nxe5 5. d4 Ng6 6. e5 Bb4 7. exf6 Qxf6 8.
Bc4 O-O 9. O-O Bxc3 10. bxc3 c6 11. Ba3 Rd8 12. Bd3 d5 13. Qh5 Re8 14. Rae1 Bd7
15. Bc5 b6 16. Ba3 Rxe1 17. Rxe1 Re8 18. Rxe8+ Bxe8 19. Qe2 Bd7 20. Bxg6 hxg6
21. h3 Qe6 22. Kf1 Qxe2+ 23. Kxe2 f6 24. Bd6 b5 25. h4 Kf7 26. f3 a6 27. Kd2
Bf5 28. Bf4 Ke7 29. g4 Bd7 30. Ke3 f5 31. Bg5+ Ke8 32. Kf4 fxg4 33. fxg4 Kf7
34. Bd8 Ke6 35. a3 Kf7 36. Kg5 Be6 37. Bc7 Bd7 38. Kf4 Be6 39. Bd8 Bd7 40. Ba5
Be6 41. Kg5 Bd7 42. Bb6 Be6 43. Kf4 Bd7 44. Kf3 Be6 45. Bc7 Bd7 46. Ba5 Be6 47.
Kf4 Bd7 48. Kg3 Be6 49. Bd8 Bd7 50. Bc7 Be6 51. Kf4 Bd7 52. Be5 Be6 53. Kf3 Bd7
54. Bf4 Be6 55. Bd2 Bd7 56. Bc1 Be6 57. Bf4 Bd7 58. Be5 Be6 59. Kf4 Bd7 60. Bd6
Be6 61. Bc5 Bd7 62. Bb4 Be6 63. Kg5 Bd7 64. Bd6 Be6 65. Be5 Bd7 66. Bb8 Be6 67.
Kf4 Bd7 68. Kg3 Be6 69. Kf3 1-0